Res Pública : uso y planificación sostenible de la energía renovable en las instituciones públicas con la cooperación de los actores del territorio implicados uso y planificación sostenible de la energía renovable en las instituciones públicas con la cooperación de los actores del territorio implicados
Descripción Física:
1 tríptic ; 30 cm
Materias:
Energies renovables
MARC
| LEADER | 00000nam a2200000Ia 4500 | ||
|---|---|---|---|
| 001 | 22586 | ||
| 008 | 160829s9999 xx 000 0 cat d | ||
| 080 | |a FU-57-19 | ||
| 245 | |a Res Pública : |b uso y planificación sostenible de la energía renovable en las instituciones públicas con la cooperación de los actores del territorio implicados | ||
| 260 | |a [S.n.] : |b Intelligent Energy, [s.a.] | ||
| 300 | |a 1 tríptic ; |c 30 cm | ||
| 650 | 0 | |a Energies renovables |9 50230 | |
| 901 | |a Arxiu | ||
| 942 | |n 1 | ||
| 952 | |0 0 |1 0 |4 0 |6 FU5719 |7 1 |9 50001 |a Arxiu |b Arxiu |d 2016-12-01 |l 0 |o FU-57-19 |p 22586 |r 2016-12-01 00:00:00 |w 2016-12-01 |y ARXIU | ||
| 999 | |c 53843 |d 53843 | ||